00623nam a22001697a 450000500170000000800120001704000090002908200130003810000290005124500750008026000260015530000400018150000590022194200340028099900190031495201200033320220622151624.0210927  c3228 a920 MBUL aMBULI, Mbekezeli9116378 aHumble beginnings :bthe story of Norah Fakude-NkunacMbekezeli Mbuli/ aMbombelac2019b[s.n] a296 pagesbcolour, portraitse22 cm aA portrait of Mpumalanga most successful businesswoman 2ddccBKy156zLettie Matukane c576959d576958 00102ddc4070aRIVELbRIVELcGENd2021-09-27l1o920 MBULp33228031011977r2022-01-25s2021-10-13w2021-09-27yBK